| 000 | 01390cam a2200265 4500 | ||
|---|---|---|---|
| 001 | ABS63514 | ||
| 008 | 000000n2000 000 0 eng u | ||
| 035 | _a(Sirsi) u110622 | ||
| 100 | _aMoseley, M. | ||
| 245 | _aEngland's village services in the late 1990s: entrepreneurialism, community and the state | ||
| 260 | _c2000 | ||
| 490 |
_aTown Planning Review _v71(4) 2000, 415-433(19) |
||
| 520 | _aUses evidence from the Countryside Agency and Rural Community Councils on the provision of six key services within England's villages to assess the difficulties of delivering high quality services through widespread outlets in sparsely populated rural areas and the future of those services. Addresses the background of and challenges to rural service delivery including competition from supermarkets and other large retail outlets, customer desertion, and as a consequence of local authority and government policies. Looks at the role of information and communication technology, volunteers and the community and the need for both better business initiatives and state intervention. References. | ||
| 590 | _aABS | ||
| 650 | _aPOST OFFICES | ||
| 650 | _aPUBLIC TRANSPORT | ||
| 650 | _aPUBS | ||
| 650 | _aRURAL COMMUNITIES | ||
| 650 | _aRURAL SERVICES | ||
| 650 | _aVILLAGE HALLS | ||
| 650 | _aVILLAGE SHOPS | ||
| 650 | _aVILLAGES | ||
| 690 |
_aRural _96268 |
||
| 942 | _n0 | ||
| 999 |
_c65919 _d65919 |
||